Changing human behavior /

Bibliographic Details
Main Author: Mann, John Harvey
Format: Book
Language:English
Published: New York : Scribner, [1965]
Subjects:

MARC

Tag First Indicator Second Indicator Subfields
LEADER 00000cam a22000001 4500
001 in00000053159
005 20151007080500.0
008 711108s1965 nyu b 00010 eng
010 |a  65027242  
035 |a (OCoLC)00711670 
035 |9 AAF4888AM 
040 |a DLC  |c DLC  |d TXA  |d UtOrBLW 
049 |a TXAM  |c [453519] 
050 0 0 |a BF637.C4  |b M3 
082 0 |a 158 
092 |a 158  |b M281c 
100 1 |a Mann, John Harvey. 
245 1 0 |a Changing human behavior /  |c [by] John Mann. 
264 1 |a New York :  |b Scribner,  |c [1965] 
300 |a xi, 235 pages ;  |c 24 cm. 
336 |a text  |b txt  |2 rdacontent 
337 |a unmediated  |b n  |2 rdamedia 
338 |a volume  |b nc  |2 rdacarrier 
504 |a Includes bibliographies. 
650 0 |a Change (Psychology) 
999 |a MARS 
999 f f |s b4cb696d-6385-3f78-a656-a849d37f2f5c  |i e31b5784-6ed8-35a0-8305-95e1cbca5362  |t 0 
952 f f |p ric  |a Texas A&M University  |b Rellis Campus  |c Joint Library Facility  |d Remote Storage  |t 0  |e BF637.C4 M3  |h Library of Congress classification  |i unmediated -- volume  |m A14800528592 
998 f f |a BF637.C4 M3  |t 0  |l Remote Storage